Zvyšovanie konkurencieschopnosti firmy uplatňovaním benchmarkingových prístupov diplomová práca

Salvato in:
Dettagli Bibliografici
Autore principale: Paluch, Matej
Ente Autore: Fakulta podnikového manažmentu EU. Katedra manažmentu výroby a logistiky - zrušená
Altri autori: Molnár, Pavol
Natura: Libro
Lingua:slovacco
Pubblicazione: Bratislava 2011
Tags: Aggiungi Tag
Nessun Tag, puoi essere il primo ad aggiungerne!!

MARC

LEADER 00000nbm a2200000 4500
001 0131757
005 20161109101727.9
041 0 |a slo 
044 |a SK 
245 1 0 |a Zvyšovanie konkurencieschopnosti firmy uplatňovaním benchmarkingových prístupov  |b diplomová práca  |c Matej Paluch ; školiteľ: Pavol Molnár 
264 1 |a Bratislava  |c 2011 
300 |a 68 s. 
100 1 |a Paluch, Matej 
700 1 |a Molnár, Pavol 
710 2 |a Fakulta podnikového manažmentu EU. Katedra manažmentu výroby a logistiky - zrušená